| 000 | 00000nam 2200000za 4500 |
| 001 | 9.843637 |
| 003 | CaOODSP |
| 005 | 20221107152552 |
| 007 | cr ||||||||||| |
| 008 | 180123s2010 onc o f000 0 fre d |
| 020 | |a978-0-660-09678-0 |
| 040 | |aCaOODSP|bfre |
| 043 | |an-cn--- |
| 086 | 1 |aBT39-11/2010F-PDF |
| 110 | 1 |aCanada. |bConseil du trésor. |
| 245 | 10|aDirective sur les demandes de renseignements personnels et de correction |h[ressource électronique]. |
| 260 | |aOttawa : |bSecrétariat du Conseil du Trésor du Canada, |cc2010. |
| 300 | |a[9] p. (pages non numérotées) |
| 500 | |aPublié aussi en anglais sous le titre : Directive on privacy requests and correction of personal information. |
| 500 | |a« Publié : le 01 avr. 2010 ». |
| 500 | |aÉgalement disponible en format HTML. |
| 504 | |aComprend des références bibliographiques de lien hypertexte. |
| 520 | 0 |a« Fournit une orientation aux institutions gouvernementales sur la façon de répondre aux demandes d’accès à des renseignements personnels »--Fourni par l'éditeur. |
| 692 | 07|2gccst|aPolitique gouvernementale |
| 692 | 07|2gccst|aVie privée |
| 692 | 07|2gccst|aRenseignements personnels |
| 775 | 08|tDirective on privacy requests and correction of personal Information |w(CaOODSP)9.843635 |
| 794 | |tDirective sur les demandes de renseignements personnels et de correction des renseignements personnels |w(CaOODSP)9.860361 |
| 856 | 40|qPDF|s159 Ko|uhttps://publications.gc.ca/collections/collection_2018/sct-tbs/BT39-11-2010-fra.pdf |
| 856 | 4 |qHTML|sS.O.|uhttps://www.tbs-sct.gc.ca/pol/doc-fra.aspx?id=18311 |